<?xml version="1.0" encoding="UTF-8"?>
<collection xmlns="http://www.loc.gov/MARC21/slim">
  <record>
    <leader>00000nam  2200000   4500</leader>
    <controlfield tag="001">INLIS000000000016351</controlfield>
    <controlfield tag="005">20231027021327</controlfield>
    <datafield tag="035" ind1="#" ind2="#">
      <subfield code="a">0010-1023000433</subfield>
    </datafield>
    <controlfield tag="007">ta</controlfield>
    <controlfield tag="008">231027################g##########0#ind##</controlfield>
    <datafield tag="020" ind1="#" ind2="#">
      <subfield code="a">978-602-51994-9-3</subfield>
    </datafield>
    <datafield tag="082" ind1="#" ind2="#">
      <subfield code="a">297.64</subfield>
    </datafield>
    <datafield tag="084" ind1="#" ind2="#">
      <subfield code="a">297.64 BAD t</subfield>
    </datafield>
    <datafield tag="100" ind1=" " ind2="#">
      <subfield code="a">Badiatul Roziqin</subfield>
    </datafield>
    <datafield tag="245" ind1="1" ind2="#">
      <subfield code="a">The golden stories of Khadijah &amp; Fatimah /</subfield>
      <subfield code="c">Badiatul Roziqin</subfield>
    </datafield>
    <datafield tag="250" ind1="#" ind2="#">
      <subfield code="a">Cet. 1</subfield>
    </datafield>
    <datafield tag="260" ind1="#" ind2="#">
      <subfield code="a">Klaten : :</subfield>
      <subfield code="b">Semesta Hikmah Publishing,</subfield>
      <subfield code="c">2018</subfield>
    </datafield>
    <datafield tag="300" ind1="#" ind2="#">
      <subfield code="a">346 hal. ;</subfield>
      <subfield code="c">21 cm</subfield>
    </datafield>
    <datafield tag="650" ind1="#" ind2="4">
      <subfield code="a">Keluarga Nabi</subfield>
    </datafield>
    <datafield tag="520" ind1="#" ind2="#">
      <subfield code="a">Buku ini bercerita tentang perjalanan kisah cinta Rasulullah dengan Khadijah. Rasul mencintai Khadijah dari lubuk hatinya yang terdalam dan sangat menghormatinya. Bahkan, Rasul menghormati sahabat-sahabat Khadijah sebagai penghormatan dan penghargaan kepadanya. Begitu juga Khadijah, ia membalas cinta dengan cinta, kesetiaan dengan kesetiaan, serta pengorbanan dengan pengorbanan. Ia beriman pada suaminya, dakwah yang disampaikannya, dan juga pada tujuan-tujuannya yang suci, dan mencurahkan keseluruhan dirinya untuk itu. Kisah yang penuh suka duka, yang merujuk dari sumber-sumber terpercaya, kemudian dirangkai dengan kisah yang menarik dan mudah dipahami, sehingga sangat tepat dibaca oleh para Muslim dan Muslimah seluruh Indonesia. Kisah cinta Khadijah dengan Nabi Muhammad saw., patut dijadikan teladan dalam kehidupan rumah tangga. Oleh karena itu, buku ini menyajikan ke hadapan pembaca kisah cinta surgawi antara Khadijah dengan Nabi Muhammad saw. agar dapat kita petik pelajaran dari kisah berharga ini untuk membangun rumah tangga yang Sakinah, Mawadah, dan Warahmah.</subfield>
    </datafield>
    <datafield tag="856" ind1="#" ind2="#">
      <subfield code="a">Perpustakaan LAN Pusat</subfield>
    </datafield>
    <datafield tag="990" ind1="#" ind2="#">
      <subfield code="a">231019808</subfield>
    </datafield>
  </record>
</collection>
